[Event "SVK-ch U14"]
[Site "Liptovsky Mikulas"]
[Date "2018.04.24"]
[Round "5"]
[White "Petrek, David"]
[Black "Kuna, Patrik"]
[Result "0-1"]
[WhiteElo "1720"]
[BlackElo "1545"]
[PlyCount "66"]
[EventDate "2018.04.21"]
[EventType "swiss"]
[EventRounds "9"]
[EventCountry "SVK"]
[SourceTitle "CBM 184 Extra"]
[Source "ChessBase"]
[SourceDate "2018.06.28"]
[SourceVersion "1"]
[SourceVersionDate "2018.06.28"]
[SourceQuality "1"]

1. e4 e5 2. Nf3 Nc6 3. d4 exd4 4. Bc4 Nf6 5. e5 d5 6. Bb5 Ne4 7. 0-0 Bc5 8. Nxd4 Bd7 9. Be3 0-0 10. Bxc6 bxc6 11. Nxc6 Bxc6 12. Qg4 Bxe3 13. fxe3 Qd7 14. Qh4 Qe6 15. Nc3 Nxc3 16. bxc3 Qxe5 17. Rf3 Qxc3 18. Raf1 Qe5 19. Rh3 Qe4 20. Rf4 Qxc2 21. e4 h6 22. Rg4 Qd1+ 23. Kf2 Qd2+ 24. Kg1 Rab8 25. Rxg7+ Kxg7 26. Rg3+ Kh7 27. h3 Qe1+ 28. Kh2 Rb1 29. Rg7+ Kxg7 30. Qg4+ Kh8 31. exd5 Qe5+ 32. g3 Qb2+ 33. Qe2 Qxe2# 0-1

[Event "SVK-ch U14"]
[Site "Liptovsky Mikulas"]
[Date "2018.04.23"]
[Round "4"]
[White "Zetocha, Adrian"]
[Black "Petrek, David"]
[Result "1-0"]
[WhiteElo "2094"]
[BlackElo "1720"]
[PlyCount "69"]
[EventDate "2018.04.21"]
[EventType "swiss"]
[EventRounds "9"]
[EventCountry "SVK"]
[SourceTitle "CBM 184 Extra"]
[Source "ChessBase"]
[SourceDate "2018.06.28"]
[SourceVersion "1"]
[SourceVersionDate "2018.06.28"]
[SourceQuality "1"]

1. c4 c6 2. Nc3 d5 3. e3 Nf6 4. Nf3 e6 5. b3 Be7 6. Bb2 0-0 7. Be2 a6 8. d4 Nbd7 9. Qc2 b5 10. 0-0 Bb7 11. c5 a5 12. a3 Qc7 13. b4 a4 14. Rac1 Ba6 15. Bd3 h6 16. Ne2 Rae8 17. Nc3 Ra8 18. Qe2 Qb7 19. Bb1 Rfe8 20. Qc2 Nf8 21. Ne5 N6d7 22. f4 f5 23. g4 g6 24. Nxg6 Nxg6 25. gxf5 exf5 26. Qxf5 Ndf8 27. Qh5 Kh7 28. f5 Bg5 29. fxg6+ Kg8 30. Rf7 Re7 31. Rcf1 Rae8 32. Ne4 Bxe3+ 33. Kh1 dxe4 34. Ba2 Ne6 35. Bxe6 1-0

[Event "SVK-ch U14"]
[Site "Liptovsky Mikulas"]
[Date "2018.04.21"]
[Round "1"]
[White "Greno, Pavol"]
[Black "Petrek, David"]
[Result "0-1"]
[WhiteElo "1384"]
[BlackElo "1720"]
[PlyCount "46"]
[EventDate "2018.04.21"]
[EventType "swiss"]
[EventRounds "9"]
[EventCountry "SVK"]
[SourceTitle "CBM 184 Extra"]
[Source "ChessBase"]
[SourceDate "2018.06.28"]
[SourceVersion "1"]
[SourceVersionDate "2018.06.28"]
[SourceQuality "1"]

1. e4 e5 2. Nf3 Nc6 3. Bb5 f5 4. Nc3 fxe4 5. Nxe4 d6 6. Ng3 Nf6 7. d3 Be7 8. Qe2 0-0 9. Bd2 Bg4 10. h3 Nd4 11. Bc4+ d5 12. Qxe5 Re8 13. 0-0 Bc5 14. Qf4 Bxf3 15. gxf3 dxc4 16. c3 Nh5 17. Qg4 Nxg3 18. fxg3 Nxf3+ 19. Kg2 Nxd2 20. Rf5 Qxd3 21. Rxc5 Re2+ 22. Kh1 Qf3+ 23. Qxf3 Nxf3 0-1

[Event "Liptovsky Mikulas V4 U15 op"]
[Site "Liptovsky Mikulas"]
[Date "2017.06.24"]
[Round "7"]
[White "Jozefczyk, Szymon"]
[Black "Petrek, David"]
[Result "1/2-1/2"]
[WhiteElo "1245"]
[BlackElo "1561"]
[PlyCount "54"]
[EventDate "2017.06.21"]
[EventType "swiss"]
[EventRounds "9"]
[EventCountry "SVK"]
[SourceTitle "CBM 179 Extra"]
[Source "ChessBase"]
[SourceDate "2017.08.23"]
[SourceVersion "1"]
[SourceVersionDate "2017.08.23"]
[SourceQuality "1"]

1. e4 e5 2. Nf3 Nc6 3. Bc4 Be7 4. d3 Nf6 5. Nc3 d6 6. 0-0 0-0 7. h3 Na5 8. Bb3 Nxb3 9. axb3 Be6 10. Be3 a6 11. Ne2 c6 12. Ng3 Qc7 13. d4 exd4 14. Bxd4 d5 15. exd5 Bxd5 16. Nf5 Rad8 17. Be5 Qd7 18. Nxe7+ Qxe7 19. Qe1 Bxf3 20. gxf3 Rfe8 21. Bxf6 Qxf6 22. Qc3 Qg6+ 23. Kh2 Re2 24. Rg1 Rxf2+ 25. Kh1 Qh6 26. Rxg7+ Kf8 27. Rg3 Rdd2 1/2-1/2

[Event "Liptovsky Mikulas V4 U15 op"]
[Site "Liptovsky Mikulas"]
[Date "2017.06.23"]
[Round "5"]
[White "Owoc, Jakub"]
[Black "Petrek, David"]
[Result "1-0"]
[WhiteElo "1296"]
[BlackElo "1561"]
[PlyCount "41"]
[EventDate "2017.06.21"]
[EventType "swiss"]
[EventRounds "9"]
[EventCountry "SVK"]
[SourceTitle "CBM 179 Extra"]
[Source "ChessBase"]
[SourceDate "2017.08.23"]
[SourceVersion "1"]
[SourceVersionDate "2017.08.23"]
[SourceQuality "1"]

1. e4 e5 2. Nf3 Nc6 3. d4 exd4 4. Nxd4 Bc5 5. Nxc6 Qf6 6. Qf3 Qxc6 7. Nc3 Ne7 8. Bb5 Qg6 9. Bf4 c6 10. Bd3 d6 11. 0-0 Qf6 12. Qg3 Ng6 13. Bg5 Qe6 14. Na4 Bd4 15. c3 Bxf2+ 16. Qxf2 b5 17. b3 bxa4 18. Bc4 d5 19. exd5 cxd5 20. Rae1 Ne5 21. Rxe5 1-0

[Event "SVK-ch U14"]
[Site "Liptovsky Mikulas"]
[Date "2017.04.27"]
[Round "8"]
[White "Petrek, David"]
[Black "Bobro, Jan"]
[Result "0-1"]
[WhiteElo "1635"]
[BlackElo "1539"]
[PlyCount "66"]
[EventDate "2017.04.22"]
[EventType "swiss"]
[EventRounds "9"]
[EventCountry "SVK"]
[SourceTitle "CBM 178 Extra"]
[Source "ChessBase"]
[SourceDate "2017.06.22"]
[SourceVersion "1"]
[SourceVersionDate "2017.06.22"]
[SourceQuality "1"]

1. e4 c5 2. Nf3 e6 3. b3 Nc6 4. Bb2 Nf6 5. e5 Nd5 6. c4 Nb6 7. d4 cxd4 8. Nxd4 Bb4+ 9. Nd2 0-0 10. a3 Bc5 11. N2f3 a5 12. Be2 d5 13. exd6 Qxd6 14. 0-0 Nxd4 15. Bxd4 Bxd4 16. Qxd4 Qxd4 17. Nxd4 Rd8 18. Nb5 Bd7 19. Nd6 Bc6 20. Rad1 Rd7 21. Rd3 Rad8 22. Rfd1 Kf8 23. Nb5 Rxd3 24. Rxd3 Rxd3 25. Bxd3 Bxb5 26. cxb5 Nd5 27. Be4 Ke7 28. Kf1 Kd6 29. Ke2 Nc3+ 30. Kd3 Nxe4 31. Kxe4 Kc5 32. Ke5 Kxb5 33. Kd6 a4 0-1

[Event "SVK-ch U14"]
[Site "Liptovsky Mikulas"]
[Date "2017.04.22"]
[Round "1"]
[White "Kostelansky, Karol"]
[Black "Petrek, David"]
[Result "1-0"]
[WhiteElo "1112"]
[BlackElo "1635"]
[PlyCount "79"]
[EventDate "2017.04.22"]
[EventType "swiss"]
[EventRounds "9"]
[EventCountry "SVK"]
[SourceTitle "CBM 178 Extra"]
[Source "ChessBase"]
[SourceDate "2017.06.22"]
[SourceVersion "1"]
[SourceVersionDate "2017.06.22"]
[SourceQuality "1"]

1. e4 e5 2. Nf3 Nc6 3. Bc4 Be7 4. Nc3 Nf6 5. d3 d6 6. Be3 Na5 7. Bb3 Nxb3 8. axb3 a6 9. h3 Be6 10. 0-0 h6 11. Re1 c5 12. Ne2 0-0 13. c3 Qb6 14. b4 Qc7 15. bxc5 dxc5 16. Rc1 c4 17. Qc2 cxd3 18. Qxd3 Rfd8 19. Qc2 Bc4 20. Ng3 Bd3 21. Qb3 Nxe4 22. Nxe4 Bxe4 23. Bb6 Bd5 24. Bxc7 Bxb3 25. Bxd8 Rxd8 26. Rxe5 Bd6 27. Re4 Bc5 28. Rce1 Kh7 29. Re8 Rd6 30. Rc8 b6 31. Ree8 Rd1+ 32. Kh2 Bd6+ 33. Ne5 g6 34. g3 Bd5 35. f3 Be6 36. Rcd8 Rd2+ 37. Kg1 Bc5+ 38. Kf1 Rxb2 39. Ng4 a5 40. Rh8+ 1-0

[Event "EU-ch U12 26th"]
[Site "Prague"]
[Date "2016.08.27"]
[Round "9"]
[White "Petrek, David"]
[Black "Dudek, Vojtech"]
[Result "1/2-1/2"]
[WhiteElo "1463"]
[BlackElo "1529"]
[PlyCount "39"]
[EventDate "2016.08.18"]
[EventType "swiss"]
[EventRounds "9"]
[EventCountry "CZE"]
[SourceTitle "CBM 174 Extra"]
[Source "ChessBase"]
[SourceDate "2016.10.10"]
[SourceVersion "1"]
[SourceVersionDate "2016.10.10"]
[SourceQuality "1"]

1. e4 d5 2. exd5 Nf6 3. Bb5+ Bd7 4. Be2 Nxd5 5. d4 g6 6. Nf3 Bg7 7. 0-0 0-0 8. c4 Nf6 9. Nc3 e6 10. Bg5 h6 11. Bf4 g5 12. Be3 Ne8 13. Qd2 f5 14. g3 Bf6 15. d5 e5 16. Bc5 Nd6 17. h3 Na6 18. Ba3 Rf7 19. c5 Nb4 20. Bxb4 1/2-1/2

[Event "Liptovsky Mikulas V4 U15 op"]
[Site "Liptovsky Mikulas"]
[Date "2016.06.24"]
[Round "6"]
[White "Usarova, Evita"]
[Black "Petrek, David"]
[Result "1-0"]
[WhiteElo "1464"]
[BlackElo "1527"]
[PlyCount "41"]
[EventDate "2016.06.22"]
[EventType "swiss"]
[EventRounds "9"]
[EventCountry "SVK"]
[SourceTitle "CBM 173 Extra"]
[Source "ChessBase"]
[SourceDate "2016.08.29"]
[SourceVersion "1"]
[SourceVersionDate "2016.08.29"]
[SourceQuality "1"]

1. e4 e5 2. Nf3 Nc6 3. d4 exd4 4. Bc4 Nf6 5. 0-0 Bc5 6. e5 Ne4 7. Re1 d5 8. exd6 Bf5 9. Nbd2 0-0 10. Nxe4 Bxe4 11. Rxe4 Qxd6 12. Bf4 Qd7 13. Qd2 Rad8 14. a3 Bb6 15. Rd1 Qf5 16. Ree1 Rd7 17. Bg3 Rfd8 18. Qe2 h6 19. Qe8+ Rxe8 20. Rxe8+ Kh7 21. Bd3 1-0

[Event "Liptovsky Mikulas V4 U15 op"]
[Site "Liptovsky Mikulas"]
[Date "2016.06.22"]
[Round "1"]
[White "Petrek, David"]
[Black "Kuna, Patrik"]
[Result "1-0"]
[WhiteElo "1527"]
[BlackElo "1226"]
[PlyCount "65"]
[EventDate "2016.06.22"]
[EventType "swiss"]
[EventRounds "9"]
[EventCountry "SVK"]
[SourceTitle "CBM 173 Extra"]
[Source "ChessBase"]
[SourceDate "2016.08.29"]
[SourceVersion "1"]
[SourceVersionDate "2016.08.29"]
[SourceQuality "1"]

1. e4 e5 2. Nf3 Nc6 3. Bc4 Nf6 4. 0-0 Bc5 5. d3 0-0 6. c3 d6 7. Bb3 Bg4 8. Nbd2 Qd7 9. Re1 a5 10. Nf1 b5 11. a4 b4 12. h3 Be6 13. Ng3 Rfb8 14. Bxe6 Qxe6 15. d4 exd4 16. cxd4 Bb6 17. d5 Qd7 18. dxc6 Qxc6 19. Bg5 Nd7 20. Nf5 Qc5 21. Be3 Qc4 22. Bxb6 Nxb6 23. b3 Qe6 24. N3d4 Qf6 25. Rc1 c5 26. Nb5 d5 27. Nc7 dxe4 28. Nxa8 Rxa8 29. Nd6 e3 30. Rxe3 Rd8 31. Re8+ Rxe8 32. Nxe8 Qe6 33. Qd8 1-0

[Event "Bratislava Slovan op"]
[Site "Bratislava"]
[Date "2016.05.06"]
[Round "8"]
[White "Stofa, David"]
[Black "Petrek, David"]
[Result "1-0"]
[WhiteElo "1675"]
[BlackElo "1404"]
[PlyCount "99"]
[EventDate "2016.04.30"]
[EventType "swiss"]
[EventRounds "9"]
[EventCountry "SVK"]
[SourceTitle "EXT 2017"]
[Source "ChessBase"]
[SourceDate "2016.10.25"]
[SourceVersion "1"]
[SourceVersionDate "2016.10.25"]
[SourceQuality "1"]

1. e4 e5 2. Nf3 Nc6 3. Bc4 Nf6 4. Ng5 d5 5. exd5 Na5 6. Bb5+ c6 7. dxc6 bxc6 8. Qf3 e4 9. Nxe4 cxb5 10. Nxf6+ Qxf6 11. Qxa8 Qe6+ 12. Kd1 Nc6 13. Re1 Ne5 14. d4 Be7 15. Rxe5 Qg4+ 16. Ke1 Qd7 17. Qe4 Bb7 18. Rxe7+ Qxe7 19. Qxe7+ Kxe7 20. f3 Re8 21. Kf2 Ba6 22. Nd2 f5 23. Nb3 Kd6 24. Nc5 Bc8 25. Bf4+ Kc6 26. Re1 Rxe1 27. Kxe1 g6 28. Kf2 Kd5 29. Ke3 a5 30. Be5 a4 31. Kf4 h5 32. Kg5 Be6 33. Nxe6 Kxe6 34. Kxg6 h4 35. Kg5 b4 36. Kxh4 a3 37. bxa3 bxa3 38. c4 Kf7 39. Kg5 Kf8 40. Bd6+ Kg7 41. Kxf5 Kf7 42. h4 Kg7 43. Bxa3 Kf7 44. g4 Kg8 45. h5 Kf7 46. c5 Kf8 47. c6+ Kf7 48. c7 Kg7 49. c8Q Kh7 50. Kf6 1-0

[Event "Bratislava Slovan op"]
[Site "Bratislava"]
[Date "2016.05.05"]
[Round "7"]
[White "Petrek, David"]
[Black "Krajcovic, Boris"]
[Result "0-1"]
[WhiteElo "1404"]
[BlackElo "1730"]
[PlyCount "96"]
[EventDate "2016.04.30"]
[EventType "swiss"]
[EventRounds "9"]
[EventCountry "SVK"]
[SourceTitle "EXT 2017"]
[Source "ChessBase"]
[SourceDate "2016.10.25"]
[SourceVersion "1"]
[SourceVersionDate "2016.10.25"]
[SourceQuality "1"]

1. e4 e6 2. d4 d5 3. Nd2 dxe4 4. Nxe4 Nd7 5. Nf3 Ngf6 6. Bg5 Be7 7. Bd3 b6 8. Qe2 Bb7 9. 0-0 0-0 10. Rfe1 Bxe4 11. Bxe4 Nxe4 12. Bxe7 Qxe7 13. Qxe4 Nf6 14. Qd3 Qd6 15. a3 c5 16. Rad1 cxd4 17. Qxd4 Qxd4 18. Rxd4 Rfd8 19. Red1 Rxd4 20. Rxd4 Kf8 21. Kf1 Ke7 22. Ke2 Rc8 23. Kd3 h6 24. Ne5 Rc5 25. f4 Rc7 26. c4 Nd7 27. Rxd7+ Rxd7+ 28. Nxd7 Kxd7 29. b4 Kd6 30. Kd4 f6 31. Ke4 g6 32. g4 f5+ 33. gxf5 exf5+ 34. Kd4 g5 35. c5+ bxc5+ 36. bxc5+ Ke6 37. c6 gxf4 38. Kd3 Kd6 39. Ke2 Kxc6 40. Kf3 Kd5 41. Kxf4 Ke6 42. h3 a5 43. a4 Kf6 44. h4 h5 45. Kf3 Ke5 46. Ke3 f4+ 47. Kf3 Kf5 48. Kf2 Kg4 0-1

[Event "Bratislava Slovan op"]
[Site "Bratislava"]
[Date "2016.05.04"]
[Round "6"]
[White "Jambrich, Jaromir"]
[Black "Petrek, David"]
[Result "1/2-1/2"]
[WhiteElo "1574"]
[BlackElo "1404"]
[PlyCount "44"]
[EventDate "2016.04.30"]
[EventType "swiss"]
[EventRounds "9"]
[EventCountry "SVK"]
[SourceTitle "EXT 2017"]
[Source "ChessBase"]
[SourceDate "2016.10.25"]
[SourceVersion "1"]
[SourceVersionDate "2016.10.25"]
[SourceQuality "1"]

1. Nf3 Nc6 2. g3 e5 3. d3 d5 4. Bg2 Nf6 5. 0-0 h6 6. a3 Be6 7. b4 Bd6 8. Bb2 Nd7 9. Nbd2 0-0 10. e3 a5 11. b5 Ne7 12. c4 c6 13. Rc1 cxb5 14. cxb5 Qb6 15. a4 Rac8 16. Rxc8 Rxc8 17. Qa1 f6 18. Rc1 Rxc1+ 19. Qxc1 Qc7 20. Qxc7 Bxc7 21. Ba3 Kf7 22. d4 e4 1/2-1/2

[Event "SVK-ch U12"]
[Site "Liptovsky Mikulas"]
[Date "2016.04.23"]
[Round "9"]
[White "Grec, Jan Alexander"]
[Black "Petrek, David"]
[Result "1/2-1/2"]
[WhiteElo "1179"]
[BlackElo "1404"]
[PlyCount "48"]
[EventDate "2016.04.16"]
[EventType "swiss"]
[EventRounds "9"]
[EventCountry "SVK"]
[SourceTitle "CBM 172 Extra"]
[Source "ChessBase"]
[SourceDate "2016.06.21"]
[SourceVersion "1"]
[SourceVersionDate "2016.06.21"]
[SourceQuality "1"]

1. d4 Nf6 2. c4 g6 3. Nf3 Bg7 4. g3 d6 5. Bg2 0-0 6. 0-0 Nbd7 7. Nc3 e5 8. e4 Ne8 9. Be3 f5 10. exf5 gxf5 11. dxe5 Nxe5 12. Nxe5 Bxe5 13. Bd4 Bxd4 14. Qxd4 Qf6 15. Qxf6 Nxf6 16. Rfe1 Bd7 17. Re7 Rae8 18. Rae1 c6 19. h3 Rxe7 20. Rxe7 Re8 21. Rxe8+ Bxe8 22. Kf1 Bf7 23. b3 d5 24. cxd5 Nxd5 1/2-1/2

[Event "SVK-chT5 1516"]
[Site "Slovakia"]
[Date "2016.01.30"]
[Round "6.1"]
[White "Tomasovic, Roman"]
[Black "Petrek, David"]
[Result "1-0"]
[WhiteElo "1543"]
[BlackElo "1324"]
[PlyCount "89"]
[EventDate "2015.10.24"]
[EventType "team-tourn"]
[EventRounds "9"]
[EventCountry "SVK"]
[SourceTitle "EXT 2017"]
[Source "ChessBase"]
[SourceDate "2016.10.25"]
[SourceVersion "1"]
[SourceVersionDate "2016.10.25"]
[SourceQuality "1"]
[WhiteTeam "Stefanov II"]
[BlackTeam "Senica Intechess"]
[WhiteTeamCountry "SVK"]
[BlackTeamCountry "SVK"]

1. d4 Nf6 2. c4 g6 3. e3 Bg7 4. Nf3 d6 5. Nc3 0-0 6. Bd3 Nbd7 7. 0-0 e5 8. d5 Nh5 9. e4 f5 10. exf5 gxf5 11. Ng5 Ndf6 12. Ne6 Bxe6 13. dxe6 f4 14. Nd5 Nxd5 15. cxd5 Nf6 16. g3 Kh8 17. Bc2 Rg8 18. Qf3 Bh6 19. Kh1 Qe7 20. Rg1 Qg7 21. Bd2 Qg4 22. Qxg4 Rxg4 23. Bb3 Ne4 24. f3 Rgg8 25. fxe4 Raf8 26. gxf4 Bxf4 27. Bxf4 Rxf4 28. Rxg8+ Kxg8 29. Rg1+ Kf8 30. Bd1 Rxe4 31. Bh5 Rf4 32. Kg2 Rd4 33. Rf1+ Rf4 34. Rxf4+ exf4 35. Kf3 Ke7 36. Kxf4 c6 37. Ke4 Kf6 38. Be8 c5 39. b3 h6 40. h4 a6 41. a4 a5 42. Bd7 b6 43. Bc6 Ke7 44. Kf5 h5 45. Kg5 1-0

[Event "SVK-chT4 A21 1516"]
[Site "Slovakia"]
[Date "2016.01.24"]
[Round "7.5"]
[White "Petrek, David"]
[Black "Lauko, Tomas"]
[Result "1-0"]
[WhiteElo "1324"]
[BlackElo "1680"]
[PlyCount "151"]
[EventDate "2015.10.04"]
[EventType "team-tourn"]
[EventRounds "11"]
[EventCountry "SVK"]
[SourceTitle "EXT 2017"]
[Source "ChessBase"]
[SourceDate "2016.10.25"]
[SourceVersion "1"]
[SourceVersionDate "2016.10.25"]
[SourceQuality "1"]
[WhiteTeam "Senica CVC II"]
[BlackTeam "Senica SK II"]
[WhiteTeamCountry "SVK"]
[BlackTeamCountry "SVK"]

1. e4 d5 2. exd5 Qxd5 3. Nf3 Nf6 4. Be2 Nc6 5. d3 e5 6. Nc3 Bb4 7. 0-0 Bxc3 8. bxc3 Be6 9. Ba3 Qa5 10. Bb2 Rd8 11. Re1 h6 12. Bf1 e4 13. Nd2 exd3 14. cxd3 0-0 15. d4 Ng4 16. Bc4 Qf5 17. f3 Nf6 18. Bxe6 fxe6 19. Qb3 Rfe8 20. Qxb7 Qc2 21. Qxc6 Qxb2 22. Nb3 Nd5 23. Rxe6 Rf8 24. Rxh6 Nf4 25. Rg6 Rd6 26. Qc4+ Kh7 27. Rg4 Rg6 28. Rh4+ Rh6 29. Rxh6+ Kxh6 30. Qf1 Rf5 31. Qf2 Qxc3 32. Qd2 Qc6 33. Rc1 Qg6 34. Rc5 Kh7 35. Qc2 Rxc5 36. Qxg6+ Kxg6 37. dxc5 Kf5 38. Kf2 Ke5 39. g3 Ne6 40. Ke3 Kd5 41. Kd3 Ng5 42. Ke3 Kc4 43. h4 Nf7 44. f4 Kb4 45. Ke4 a5 46. Kd5 a4 47. Kc6 axb3 48. axb3 Nh6 49. Kxc7 Kxc5 50. Kd7 Nf5 51. Ke6 Nxg3 52. Kf7 Kb4 53. Kxg7 Nh5+ 54. Kg6 Nxf4+ 55. Kg5 Ne6+ 56. Kf5 Nd4+ 57. Kf6 Nxb3 58. h5 Nc5 59. h6 Nd7+ 60. Kg7 Nb6 61. h7 Kc5 62. h8Q Nd5 63. Qh5 Kd4 64. Qd1+ Kc5 65. Kf7 Kd6 66. Qd4 Kc6 67. Ke6 Nc7+ 68. Ke5 Nb5 69. Qd5+ Kb6 70. Qc4 Nc7 71. Kd6 Na6 72. Qc6+ Ka5 73. Qb7 Nb4 74. Kc5 Nd3+ 75. Kd4 Nb4 76. Kc4 1-0

[Event "SVK-ch U12"]
[Site "Tatralandia"]
[Date "2015.04.23"]
[Round "7"]
[White "Veres, Simon"]
[Black "Petrek, David"]
[Result "0-1"]
[WhiteElo "1000"]
[BlackElo "1216"]
[PlyCount "108"]
[EventDate "2015.04.18"]
[EventType "swiss"]
[EventRounds "9"]
[EventCountry "SVK"]
[SourceTitle "CBM 166 Extra"]
[Source "ChessBase"]
[SourceDate "2015.06.18"]
[SourceVersion "1"]
[SourceVersionDate "2015.06.18"]
[SourceQuality "1"]

1. e4 e5 2. Nf3 Nc6 3. Bc4 Nf6 4. Nc3 Nxe4 5. Nxe4 d5 6. Bxd5 Qxd5 7. Nc3 Qa5 8. 0-0 Bd6 9. d4 0-0 10. d5 Ne7 11. h3 f6 12. Re1 Bb4 13. Bd2 Bxc3 14. Bxc3 Qxd5 15. Bb4 Qxd1 16. Raxd1 Re8 17. Nxe5 Bf5 18. Nd3 Nc6 19. Rxe8+ Rxe8 20. Bc3 Re2 21. g4 Bg6 22. Ne1 Kf7 23. Rd7+ Re7 24. Rd2 Rxe1+ 25. Kg2 Ke6 26. f4 Ke7 27. f5 Bf7 28. b4 Rb1 29. Re2+ Kd6 30. a3 Bd5+ 31. Kf2 Rd1 32. b5 Ne5 33. Bb4+ Kd7 34. Re3 Rc1 35. Re2 Ke8 36. g5 Bc4 37. b6 axb6 38. Re4 Rxc2+ 39. Kg3 c5 40. Be1 Ra2 41. Kh4 Rxa3 42. Bg3 fxg5+ 43. Kh5 Bf7+ 44. Kxg5 Rxg3+ 45. Kf4 Rxh3 46. Rxe5+ Kd7 47. Re2 c4 48. Rd2+ Rd3 49. Rb2 c3 50. Rxb6 c2 51. Rxb7+ Kc6 52. Rxf7 c1Q+ 53. Kg4 Rd4+ 54. Kh5 g6+ 0-1